[Event "SLO-ch U14"]
[Site "Murska Sobota"]
[Date "2007.03.01"]
[Round "8"]
[White "Petrovcic, Gregor"]
[Black "Skaza, Niko"]
[Result "0-1"]
[WhiteElo "1500"]
[BlackElo "1500"]
[PlyCount "99"]
[EventDate "2007.02.25"]
[EventType "swiss"]
[EventRounds "9"]
[EventCountry "SLO"]
[SourceTitle "CBM 117 Extra"]
[Source "ChessBase"]
[SourceDate "2007.05.09"]
[SourceVersion "1"]
[SourceVersionDate "2007.05.09"]
[SourceQuality "1"]

1. e4 c5 2. Nf3 Nc6 3. d4 cxd4 4. Nxd4 Qc7 5. Nc3 e6 6. Be2 Nf6 7. Nf3 Bb4 8. Bd3 d5 9. exd5 Nxd5 10. Bd2 Nxc3 11. Bxc3 Bxc3+ 12. bxc3 Bd7 13. 0-0 0-0 14. Nd4 Ne7 15. Qf3 Rac8 16. Ne2 Nd5 17. c4 Nb6 18. Rfd1 Rfd8 19. Rab1 Bc6 20. Qg3 Qxg3 21. Nxg3 Rd7 22. Be2 Rcd8 23. Rxd7 Rxd7 24. Kf1 Kf8 25. Ke1 Na4 26. f3 Nc3 27. Rb2 Ke7 28. Bd3 Na4 29. Rb1 Nc5 30. Ke2 Na4 31. Ke1 Nc5 32. Ke2 Ba4 33. Ne4 Nxd3 34. cxd3 Bc2 35. Rb2 Bxd3+ 36. Ke3 Bxe4 37. Kxe4 b6 38. a4 Rc7 39. Kd3 Rc5 40. g3 f5 41. f4 h6 42. h4 Kf6 43. Rb5 Rxb5 44. cxb5 e5 45. fxe5+ Kxe5 46. Ke3 g5 47. h5 f4+ 48. gxf4+ gxf4+ 49. Kf3 Kf5 50. Kf2 0-1

[Event "SLO-ch U14"]
[Site "Murska Sobota"]
[Date "2007.02.27"]
[Round "4"]
[White "Grah, Matej"]
[Black "Petrovcic, Gregor"]
[Result "0-1"]
[WhiteElo "1500"]
[BlackElo "1500"]
[PlyCount "112"]
[EventDate "2007.02.25"]
[EventType "swiss"]
[EventRounds "9"]
[EventCountry "SLO"]
[SourceTitle "CBM 117 Extra"]
[Source "ChessBase"]
[SourceDate "2007.05.09"]
[SourceVersion "1"]
[SourceVersionDate "2007.05.09"]
[SourceQuality "1"]

1. e4 e5 2. Nf3 Nc6 3. d4 exd4 4. Nxd4 Bc5 5. Be3 Bxd4 6. Bxd4 Nxd4 7. Qxd4 Qf6 8. c3 Qxd4 9. cxd4 Ne7 10. Bc4 0-0 11. 0-0 d6 12. Nc3 Kh8 13. f4 c6 14. e5 d5 15. Bd3 Bf5 16. Rad1 Rae8 17. h3 Bxd3 18. Rxd3 Nc8 19. f5 f6 20. e6 Re7 21. Na4 Nd6 22. b3 b6 23. Rc3 Rc8 24. g4 Ne4 25. Rc2 Kg8 26. Nc3 Nxc3 27. Rxc3 Rec7 28. b4 Kf8 29. Rfc1 Ke7 30. Kf2 a6 31. Ke3 h6 32. a4 Kd6 33. Kf4 Rh8 34. h4 Rhc8 35. R1c2 Rb7 36. g5 hxg5+ 37. hxg5 fxg5+ 38. Kxg5 Rbc7 39. Rh2 Rg8 40. Rh7 Rf8 41. Re3 Re7 42. Rg3 Rf6 43. Rxg7 Rxg7+ 44. Kxf6 Rxg3 45. e7 Kd7 46. Kf7 Re3 47. f6 Re6 48. Kg7 Rxe7+ 49. fxe7 Kxe7 50. Kg6 Kd6 51. Kg5 a5 52. bxa5 bxa5 53. Kf4 c5 54. dxc5+ Kxc5 55. Ke3 Kc4 56. Kd2 Kd4 0-1

[Event "Nova Gorica op-B 12th"]
[Site "Nova Gorica"]
[Date "2007.01.26"]
[Round "1"]
[White "Petrovcic, Gregor"]
[Black "Di Lazzaro, Gabriele"]
[Result "0-1"]
[WhiteElo "1500"]
[BlackElo "2006"]
[PlyCount "126"]
[EventDate "2007.01.26"]
[EventType "swiss"]
[EventRounds "9"]
[EventCountry "SLO"]
[SourceTitle "CBM 116 Extra"]
[Source "ChessBase"]
[SourceDate "2007.03.07"]
[SourceVersion "1"]
[SourceVersionDate "2007.03.07"]
[SourceQuality "1"]

1. e4 c5 2. Nf3 a6 3. Nc3 e6 4. d4 cxd4 5. Nxd4 b5 6. Bd3 Bb7 7. 0-0 Ne7 8. Be3 Nbc6 9. Qd2 Nxd4 10. Bxd4 Nc6 11. Be3 Rc8 12. a3 Be7 13. f4 Na5 14. Qf2 Nc4 15. Bxc4 Rxc4 16. Rfe1 Qc8 17. Bd2 b4 18. axb4 Bxb4 19. Qg3 0-0 20. Kh1 f6 21. Re3 d5 22. exd5 exd5 23. b3 Rc7 24. Rd3 d4 25. Na4 Bxd2 26. Rxd2 Rxc2 27. Qf2 Rc1+ 28. Rd1 Rxa1 29. Rxa1 Qc6 30. Rg1 d3 31. Qd2 Rd8 32. Rc1 Qe4 33. Re1 Qd5 34. Rb1 Re8 35. Nc3 Qd4 36. Re1 Rc8 37. Rc1 h5 38. h3 Kh7 39. Na2 Re8 40. Nc3 Qe3 41. Rd1 Qxh3+ 42. Kg1 Qe3+ 43. Qf2 g5 44. fxg5 fxg5 45. Qxe3 Rxe3 46. Kf2 Re5 47. Rxd3 Rf5+ 48. Kg1 Kg6 49. Rd6+ Rf6 50. Rd7 Rb6 51. Nd5 Rxb3 52. Rd6+ Kf5 53. Ne7+ Ke5 54. Rg6 Rg3 55. Nc6+ Kf5 56. Ne7+ Kg4 57. Nc6 h4 58. Kf1 a5 59. Nxa5 Bxg2+ 60. Kf2 Be4 61. Rb6 h3 62. Nc4 h2 63. Ne3+ Rxe3 0-1